Mathematical modelling of energy systems
Saved in:
| Hovedforfatter: | |
|---|---|
| Format: | Bog |
| Sprog: | engelsk |
| Udgivet: |
Rockville
Sijthoff & Noordhoff
1981
|
| Serier: | E: applied sciences, 37
|
| Fag: | |
| Tags: |
Tilføj Tag
Ingen Tags, Vær først til at tagge denne postø!
|
MARC
| LEADER | 00000nam a2200000 a 4500 | ||
|---|---|---|---|
| 001 | UCU5185 | ||
| 003 | CL-VaPUC | ||
| 005 | 20211120074425.0 | ||
| 008 | 960531e19810000us 1 eng d | ||
| 082 | 0 | 4 | |a 531.6 |b KAV |2 21 |
| 100 | 1 | |a Kavrakoglu, Ibrahim |e author |9 617799 | |
| 245 | 1 | 0 | |a Mathematical modelling of energy systems |
| 260 | |a Rockville |b Sijthoff & Noordhoff |c 1981 | ||
| 300 | |a 476 p | ||
| 490 | 0 | |a E: applied sciences, 37 | |
| 583 | |a last modification |c 19960531 00:00:00 |k Rodrigo Vera | ||
| 650 | 0 | 0 | |a Energía |9 259431 |
| 650 | 0 | 7 | |a GENERACION DE ENERGIA |2 CL-VaPUC |9 617800 |
| 650 | 0 | 7 | |a CONSERVACION DE LA ENERGIA |2 CL-VaPUC |9 262923 |
| 650 | 0 | 7 | |a PETROLEO |2 CL-VaPUC |9 320865 |
| 650 | 0 | 0 | |a Energía eólica |9 316611 |
| 650 | 0 | 0 | |a Recursos energéticos |9 263206 |
| 942 | |c BK | ||
| 945 | |a lriquelm |d 19960531 00:00:00 | ||
| 546 | |a En Inglés | ||
| 518 | |p NATO Advanced Study Institute on Mathematical Modelling of Energy Systems, Istanbul, 9 al 23 de Junio de 1979 | ||
| 999 | |c 382650 |d 382648 | ||
| 952 | |0 0 |1 0 |4 0 |6 531_600000000000000_KAV_1981 |7 0 |8 A |9 504456 |a BIBING |b BIBING |d 2020-01-23 |i 1669982 |o 531.6 KAV 1981 |p 1669982 |r 2025-01-20 |w 2020-01-23 |y BK |k EIE | ||